000 00750nam a22002177i 4500
999 _c23321
_d23321
003 AR-CdUCM
008 250717b20232023 pe||||| |||| 00| 0 spa d
020 _a978-84-19809-25-4
040 _aMUNICIPALIDAD PROVINCIAL DEL CUSCO
_cBIBLIOTECA MUNICIPAL DEL CUSCO
041 _hspa
082 _a869.54 / C28
_bC28
100 _aSánchez Risco, Carmen
_951244
245 _aLa Primera Mestiza
260 _aMadrid :
_bHarper Collins Ibérica S.A.
_c2023
300 _a687 páginas. :
_c21x14 cm.
500 _zpáginas 669-684
505 _aLa huida -- Piura y Trujillo -- El Demonio de los Andes -- El oso y el cóndor -- Los espíritus -- Un reino mestizo
856 _fwww.conlicencia.com
942 _2ddc
_cLIBROS
945 _apbjr
_d17-07-2025